Regionalismus, globalisierung und die rolle der EU /

محفوظ في:
التفاصيل البيبلوغرافية
المؤلف الرئيسي: Teló, Mario
التنسيق: نص
الوسوم: إضافة وسم
لا توجد وسوم, كن أول من يضع وسما على هذه التسجيلة!

MARC

LEADER 00000 a a2200000 04500
001 47955
003
040
100 |a Teló, Mario  
245 |a Regionalismus, globalisierung und die rolle der EU /  |c Mario Teló  
773 |g número1, (2015), páginas 49-54  
999 |c 33584  |d 33584